Градостроительный кодекс Российской Федерации (Запись № 11592627)

Подробности
000 -МАРКЕР
контрольное поле 01892nam0a2200337 4500
001 - ИДЕНТИФИКАТОР ЗАПИСИ
контрольное поле RU\NLR\BIBL_A\012039346
005 - ИДЕНТИФИКАТОР ВЕРСИИ
контрольное поле 20260409064102.0
010 ## - МЕЖДУНАРОДНЫЙ СТАНДАРТНЫЙ НОМЕР КНИГИ (ISBN)
Номер (ISBN) 9785041020002
Тираж 1000
021 ## - НОМЕР ГОСУДАРСТВЕННОЙ РЕГИСТРАЦИИ
Код страны российская федерация
Номер 2019-37877
Номер Листа государственной регистраци КН-П-2778
035 ## - ДРУГИЕ СИСТЕМНЫЕ НОМЕРА
Идентификатор записи (RuMoRGB)009987240
035 ## - ДРУГИЕ СИСТЕМНЫЕ НОМЕРА
Идентификатор записи (NLR Aleph) 012039346
100 ## - ДАННЫЕ ОБЩЕЙ ОБРАБОТКИ
Данные общей обработки 20190619d2019 u a0rusy50 ca
101 0# - ЯЗЫК РЕСУРСА
Язык текста, звукозаписи и т.д. русский
102 ## - СТРАНА ПУБЛИКАЦИИ ИЛИ ПРОИЗВОДСТВА
Страна публикации российская федерация
105 ## - ПОЛЕ КОДИРОВАННЫХ ДАННЫХ: ТЕКСТОВЫЕ МАТЕРИАЛЫ, МОНОГРАФИЧЕСКИЕ
Кодированные данные о монографическом текстовом документе a n 000zy
200 1# - ЗАГЛАВИЕ И СВЕДЕНИЯ ОБ ОТВЕТСТВЕННОСТИ
Основное заглавие Градостроительный кодекс Российской Федерации
Сведения, относящиеся к заглавию [29 декабря 2004 года № 190-ФЗ
-- принят Государственной Думой 22 декабря 2004 года
-- одобрен Советом Федерации 24 декабря 2004 года
-- список изменяющих документов (в ред. Федеральных законов от 22.07.2005 № 117-ФЗ ... от 03.08.2018 № 342-ФЗ)]
-- текст с изменениями и дополнениями на 2019 год
205 ## - СВЕДЕНИЯ ОБ ИЗДАНИИ
Сведения об издании [Офиц. изд.]
210 ## - ПУБЛИКАЦИЯ, РАСПРОСТРАНЕНИЕ И ДР.
Место издания, распространения и т.д. Москва
Имя издателя, распространителя и т. д. Эксмо
Дата издания, распространения и т.д. 2019
215 ## - ФИЗИЧЕСКАЯ ХАРАКТЕРИСТИКА
Специфическое обозначение материала и объем 285, [1] с.
Другие сведения о физической характеристике ил.
Размеры 21
225 1# - СЕРИЯ
Основное заглавие серии Законы и кодексы
300 ## - ОБЩИЕ ПРИМЕЧАНИЯ
Текст примечания Загл. корешка: Градостроительный кодекс
516 1# - ЗАГЛАВИЕ НА КОРЕШКЕ [ИЗДАНИЯ]
Заглавие на корешке Градостроительный кодекс
604 ## - ИМЯ И ЗАГЛАВИЕ КАК ПРЕДМЕТ
Связываемые данные 71001$aРоссийская Федерация
-- 500##$aГрадостроительный кодекс$2nlr_sh2$3RU\NLR\AUTH\661265449
Идентификатор авторитетной/нормативной записи RU\NLR\AUTH\661265449
Имя лица Российская Федерация
Заглавие Градостроительный кодекс
Системный номер авторитетной/нормативной записи 2090714
686 1# - ИНДЕКСЫ ДРУГИХ КЛАССИФИКАЦИЙ
Индекс Х621.148.4-324.9(2Р)
740 #1 - УСЛОВНОЕ НАИМЕНОВАНИЕ / ЗАГЛАВИЕ ДЛЯ ЗАКОНОДАТЕЛЬНЫХ И РЕЛИГИОЗНЫХ ТЕКСТОВ - ПЕРВИЧНАЯ ОТВЕТСТВЕННОСТЬ
Начальный элемент ввода Российская Федерация
Обозначение вида документа Законы
Название раздела или части Градостроительный кодекс
Идентификатор авторитетной/нормативной записи RU\NLR\AUTH\880379496
-- 425384
942 ## - ДОПОЛНИТЕЛЬНЫЕ ЭЛЕМЕНТЫ ЗАПИСИ (АБИС)
Тип экземпляра АБИС Книга
980 ## - КОЛЛЕКЦИЯ
Название коллекции НБР

Нет доступных экземпляров.